000 00628cab a2200241 4500
001 ABS60302
008 090401t1999 xxu||||| |||| 00| 0 eng d
035 _a(Sirsi) u92149
041 _aeng
100 _aKindred, B.
245 _aQuality or quantity for listed building consent: refinement or overhaul
260 _c1999
350 _a0
490 _aContext
_v(61) March 1999, 17-21(5)
650 _aBUILDING CONSERVATION
650 _aHISTORIC BUILDINGS
650 _aLISTED BUILDING CONSENT
650 _aLISTED BUILDINGS
650 _aPPG15
690 _aCONSERVATION
942 _n0
948 _c17/03/1999
999 _c58422
_d58422